00481pab a2200169 454500008004000000100002300040245007200063260000900135300001500144362000800159650002500167650001800192650001900210650002800229700002100257773003300278180718b2018 xxu||||| |||| 00| 0 eng d aReynolds, Molly E. aIssue advertising and legislative voting on the affordable care act c2018 ap.102-114. aMar aLegislative politics aHealth policy aPolitics - USA aPolitics and government aHall, Richard L. aPolitical Research Quarterly